| Tag |
First Indicator |
Second Indicator |
Subfields |
| LEADER |
00000ctm a2200000Ia 4500 |
| 001 |
in00000014330 |
| 005 |
20220104090757.0 |
| 008 |
880428s1986 xx bm 000 0 eng d |
| 035 |
|
|
|9 AAA6695AM
|
| 035 |
|
|
|a (OCoLC)17861129
|
| 035 |
|
|
|a (OCoLC)ocm17861129
|
| 040 |
|
|
|a TXA
|b eng
|c TXA
|d OCLCQ
|d OCLCF
|d OCLCO
|d OCLCQ
|d TXA
|
| 049 |
|
|
|a TXAM
|
| 099 |
|
|
|a 1986
|a Disser-
|a tation
|a H732
|
| 100 |
1 |
|
|a Holiday, David Brian,
|d 1955-
|
| 245 |
1 |
0 |
|a On nonparametric regression estimation in a correlated-errors model /
|
| 264 |
|
1 |
|c 1986.
|
| 300 |
|
|
|a ix, 153 leaves ;
|c 29 cm
|
| 336 |
|
|
|a text
|b txt
|2 rdacontent
|
| 337 |
|
|
|a unmediated
|b n
|2 rdamedia
|
| 338 |
|
|
|a volume
|b nc
|2 rdacarrier
|
| 500 |
|
|
|a "Major subject: Statistics."
|
| 500 |
|
|
|a Typescript (photocopy).
|
| 500 |
|
|
|a Vita.
|
| 502 |
|
|
|b Ph. D.
|c Texas A & M University
|d 1986
|
| 504 |
|
|
|a Includes bibliographical references (leaves 125-130).
|
| 650 |
|
0 |
|a Estimation theory.
|
| 650 |
|
0 |
|a Nonparametric statistics.
|
| 650 |
|
0 |
|a Regression analysis.
|
| 650 |
|
4 |
|a Major statistics.
|
| 655 |
|
7 |
|a Academic theses
|2 lcgft
|
| 700 |
1 |
|
|a Curry, Guy L.,
|e degree committee member.
|
| 700 |
1 |
|
|a Hart, Jeffrey D.,
|e degree supervisor.
|
| 700 |
1 |
|
|a Longnecker, Michael T.,
|e degree committee member.
|
| 700 |
1 |
|
|a Wehrly, Thomas E.,
|e degree committee member.
|
| 710 |
2 |
|
|a Texas A & M University,
|e degree granting institution.
|
| 776 |
0 |
8 |
|i Online version:
|a Holiday, David Brian, 1955-
|t On nonparametric regression estimation in a correlated-errors model.
|d 1986
|w (OCoLC)760199258
|
| 856 |
4 |
1 |
|u http://proxy.library.tamu.edu/login?url=http://proquest.umi.com/pqdweb?did=752633221&sid=1&Fmt=2&clientId=2945&RQT=309&VName=PQD
|z Link to ProQuest copy
|t 0
|
| 856 |
4 |
1 |
|u https://hdl.handle.net/1969.1/DISSERTATIONS-20441
|z Link to OAKTrust copy
|t 0
|
| 994 |
|
|
|a C0
|b TXA
|
| 999 |
f |
f |
|s ea89dff0-fa6f-33a2-9d39-25c6bb5de495
|i 1f594514-775b-37e9-8b56-4c427d19b1bd
|t 0
|
| 952 |
f |
f |
|p noncirc
|a Texas A&M University
|b J.J. Pickle Campus
|c High Density Repository
|s HDR
|d Remote Storage
|t 0
|e 1986 Dissertation H732
|h Other scheme
|i unmediated -- volume
|m A14839615902
|
| 952 |
f |
f |
|a Texas A&M University
|b College Station
|c Electronic Resources
|s www_evans
|d Available Online
|t 0
|e 1986 Dissertation H732
|h Other scheme
|
| 998 |
f |
f |
|a 1986 Dissertation H732
|t 0
|l Available Online
|
| 998 |
f |
f |
|a 1986 Dissertation H732
|t 0
|l Remote Storage
|